Schnellste Formel 1 Boxenstopps 2021 - Statistiken

Allgemein
  • Dieses Quiz wurde 492 mal gespielt
  • Das Durchschnittsergebnis liegt bei 14 aus 21
Antwortstatistiken
Grand Prix
Standzeit
in Sek.
Team % Korrekt
Bahrain 1,93 Red Bull
99%
Emilia Romagna 2,24 Mercedes
90%
Portugal 1,98 Red Bull
88%
Monaco 2,02 Red Bull
72%
Aserbaidschan 1,98 Red Bull
72%
Frankreich 2,04 Red Bull
72%
Steiermark 2,09 Red Bull
72%
Österreich 2,17 Red Bull
72%
Ungarn 1,88 Red Bull
72%
Niederlande 2,15 Red Bull
71%
Türkei 2,15 Red Bull
68%
Russland 2,45 Mercedes
66%
Katar 2,19 Red Bull
66%
Abu Dhabi 2,12 Red Bull
66%
Saudi-Arabien 2,20 Red Bull
65%
Italien 2,40 McLaren
62%
Spanien 2,16 Aston Martin
59%
USA 2,24 Ferrari
58%
São Paulo 2,21 Ferrari
56%
Großbritannien 2,10 Williams
55%
Mexiko 2,17 Williams
48%
Keine übereinstimmenden Quizze gefunden
Verteilung der Resultate
Anzahl Personen mit jedem Resultat
Perzentil nach korrekt beantworteten Fragen
Ihre Resultats-Entwicklung
Sie haben dieses Quiz noch nicht gespielt